00515 2200181 4500001002100000005001500021035002000036007000300056008004100059020002200100082001100122084001700133100001800150245006200168250001100230260004600241300004600287INLIS00000000000045620201217084724 a0010-1220000043ta201217 0 ind  a978-602-18651-4-9 a004.03 a004.03 EKO k0 aEko Sujatmiko1 aKamus Teknologi Informasi Dan Komunikasi /cEko Sujatmiko acet. 2 aSurakarta :bAksarra Sinergi Media,c2017 aviii + 392 hal. :bilus. ;c14,8 x 21 cm.